| 000 | 00000nam##2200000za#4500 |
| 001 | 9.587679 |
| 003 | CaOODSP |
| 005 | 20210624194741 |
| 007 | cr ||||||||||| |
| 008 | 150406|2007||||xxc|||||o f|0| 0 eng|d |
| 022 | |a1701-1280 |
| 040 | |aCaOODSP|beng |
| 041 | |aeng |
| 041 | |afre |
| 043 | |an-cn--- |
| 086 | 1 |aFs70-4/2007-003-PDF |
| 110 | 1 |aCanada. |bDepartment of Fisheries and Oceans. |
| 245 | 10|aFourth meeting of the Canadian Eel Science Working Group : |h[electronic resource]|b3-4 October 2006, Quebec City / |c[by] David Cairns and François Caron. |
| 260 | |aCharlottetown - Prince Edward Island : |bFisheries and Oceans Canada |cMay 2007. |
| 300 | |a67p.|bgraphs, tables |
| 490 | 1 |aCanadian Science Advisory Secretariat proceedings series|x1701-1280|v2007/003 |
| 590 | |a11-31-Supp|b2011-12-13 |
| 720 | 1 |aCaron, François |
| 720 | 1 |aCairns, David |
| 792 | |tQuatrième réunion du Groupe canadien de travail scientifique sur l'anguille : |efre|w(CaOODSP)9.587680 |
| 830 | #0|aProceedings series (Canadian Science Advisory Secretariat)|x1701-1280|v2007/003|w(CaOODSP)9.500507 |
| 856 | 40|ahttp://publications.gc.ca|qPDF|s444 KB|uhttps://publications.gc.ca/collections/collection_2011/mpo-dfo/Fs70-4-2007-003.pdf|y2007/003 |